Metafísica, gnoseología y moral: ensayo sobre el pensamiento de A. Rosmini
Zapisane w:
| 1. autor: | |
|---|---|
| Kolejni autorzy: | |
| Format: | Książka |
| Język: | hiszpański |
| Wydane: |
Madrid
Gredos
1963
|
| Seria: | Biblioteca Hispánica de Filosofía
|
| Hasła przedmiotowe: | |
| Etykiety: |
Dodaj etykietę
Nie ma etykietki, Dołącz pierwszą etykiete!
|
MARC
| LEADER | 00000nam a2200000 a 4500 | ||
|---|---|---|---|
| 001 | UCZ4180 | ||
| 003 | CL-VaPUC | ||
| 005 | 20230818105647.0 | ||
| 008 | 951106e19630000SP |||||||||||||||||spa|d | ||
| 999 | |c 240597 |d 240595 | ||
| 040 | |c Pontificia Universidad Católica de Valparaíso | ||
| 082 | 0 | 4 | |a 110 |b SCI |2 21 |
| 100 | 0 | |a Sciacca, Michele Federico |e author |9 348138 | |
| 245 | 1 | 0 | |a Metafísica, gnoseología y moral: ensayo sobre el pensamiento de A. Rosmini |
| 260 | |a Madrid |b Gredos |c 1963 | ||
| 300 | |a 274 p | ||
| 490 | 0 | |a Biblioteca Hispánica de Filosofía | |
| 583 | |a last modification |c 19951106 00:00:00 |k Rodrigo Vera | ||
| 650 | 0 | |a Metafísica |9 265649 | |
| 650 | 0 | |a Kantismo |9 311003 | |
| 650 | 0 | |a Ontología |9 256850 | |
| 650 | 0 | |a Voluntad |9 307812 | |
| 650 | 0 | |a Ética |9 255099 | |
| 650 | 0 | |a Conciencia moral |9 314371 | |
| 650 | 7 | |a HOMBRE |2 CL-VaPUC |9 262149 | |
| 650 | 0 | |a Sociedad |9 307903 | |
| 650 | 0 | |a Creencia Religiosa |9 316904 | |
| 650 | 0 | |a Conceptos morales |9 310606 | |
| 700 | 1 | |a Ruiz Cuevas, J. J. |e traductor |9 864945 | |
| 942 | |c BK |2 ddc | ||
| 945 | |d 19951106 00:00:00 |a cmena | ||
| 952 | |0 0 |1 0 |4 0 |6 110_000000000000000_SCI_1963 |7 0 |8 A |9 252555 |a BIBEDU |b BIBEDU |d 2019-11-18 |i 1594079 |o 110 SCI 1963 |p 1594079 |r 2019-11-18 |w 2019-11-18 |y BK |k FIL | ||
| 952 | |0 0 |1 0 |4 0 |6 110_000000000000000_SCI_1963 |7 0 |8 A |9 252556 |a FDOPOS |b FDOPOS |d 2019-11-18 |i 4269632 |o 110 SCI 1963 |p 4269632 |r 2025-01-22 |w 2019-11-18 |y BK |k MLA | ||